00524 a2200157 4500003000500000005001700005028000800022040000900030082000800039100001700047245006900064260005500133300000900188505013600197538003300333Nust20170207154115.0 a956 cNust a956 aGlubb Pasha  aThe Middle Est Crisis bA personal interpretation cGlubb Pasha  aLahore , pakistanbnational book foundation c1967 a48p; aPart.1: The Role of Russia (Page-9) Part.2: Asia and Africa (Page-23) Part.3: A Brief History of the Palestine Grievance (page-35)  aAlmirah No.57 and Shelf No.4